Mesiac patriaci knihám

Podrobná bibliografia
Hlavný autor: Bašistová, Andrea (Autor)
Médium: Článok
Jazyk:slovenčina
Fyzický popis:Fotogr.
ISSN:1339-6587
Predmet:

MARC

LEADER 00000nab a2200000 ar4500
001 vtls011532876
003 SK-MaSNL
005 20260303094316.0
008 160304c2015 xo wr|p|||||||000 b|slo
038 |a PPPK 
040 |a PPPKCL  |b slo  |c PPPKCL  |e AACR2 
041 0 |a slo 
044 |a xo  |c SK 
080 |a 027.52  |2 2011 
080 |a 379.822  |2 2011 
100 1 |a Bašistová, Andrea  |4 aut  |9 1106354 
245 1 0 |a Mesiac patriaci knihám  |c Andrea Bašistová 
300 |b Fotogr. 
610 2 7 |a Mestská knižnica (Kežmarok, Slovensko)  |2 pppkcl  |9 54513 
611 2 7 |a Marec - mesiac knihy  |d (2015 :  |c Kežmarok, Slovensko)  |2 pppkcl  |9 1106440 
648 7 |a marec 2015  |2 pppkcl  |9 1106441 
650 0 7 |a kultúrne podujatia  |2 pppkcl  |9 71676 
651 7 |a Kežmarok (Slovensko)  |2 pppkcl  |9 26808 
773 0 |t Naše novinky : Kežmarok  |g Roč. II, č. 5 (2015), s. 3  |x 1339-6587 
852 |a PPPK  |b KIS3GCP 
999 |c 1820004  |d 1821934